Normal view
MARC view
Entry Personal Name
001 - CONTROL NUMBER
- control field: 83642
003 - CONTROL NUMBER IDENTIFIER
- control field: OSt
005 - DATE AND TIME OF LATEST TRANSACTION
- control field: 20260118161101.0
008 - FIXED-LENGTH DATA ELEMENTS
- fixed length control field: 260118|| aca||aabn | a|a d
040 ## - CATALOGING SOURCE
- Original cataloging agency: OSt
- Transcribing agency: OSt
100 ## - HEADING--PERSONAL NAME
- Personal name: सुरूचि प्रकाशन
670 ## - SOURCE DATA FOUND
- Source citation: Work cat.: (OSt)68584: सुरूचि प्रकाशन, श्री गुरूजी समग्र ( समाजोदबोधन ) खण्ड 5









